| 000 | 00683cam a22002411 4500 | ||
|---|---|---|---|
| 001 | sa 66007090 | ||
| 003 | DLC | ||
| 005 | 20260227112301.0 | ||
| 008 | 731101s1965 ii b 000 0 eng | ||
| 010 | _asa 66007090 | ||
| 035 | _a(OCoLC)733354 | ||
| 040 |
_aDLC _cOClU _dOCoLC _dDLC |
||
| 042 | _apremarc | ||
| 050 | 0 | 0 |
_aHC435 _b.P36 |
| 082 | _a330.954 | ||
| 100 | 1 | _aPatel, Surendra J. | |
| 245 | 1 | 0 |
_aEssays on economic transition. _cForeword by A. F. Ewing. |
| 260 |
_aBombay, New York, _bAsia Pub. House _c[1965] |
||
| 300 |
_axvi,279p. _c22cm. |
||
| 504 | _aBibliographical footnotes. | ||
| 651 | 0 |
_aIndia _xEconomic conditions _y1945- |
|
| 651 | 0 |
_aIndia _xEconomic policy |
|
| 999 |
_c70918 _d70918 |
||